<?xml version="1.0" encoding="UTF-8"?>
<collection xmlns="http://www.loc.gov/MARC21/slim">
 <record>
  <leader>01948nam a22002897a 4500</leader>
  <controlfield tag="001">NCT_56614</controlfield>
  <controlfield tag="008">190107b        xxu||||| |||| 00| 0 vie d</controlfield>
  <datafield tag="999" ind1=" " ind2=" ">
   <subfield code="c">2734</subfield>
   <subfield code="d">2734</subfield>
  </datafield>
  <datafield tag="020" ind1=" " ind2=" ">
   <subfield code="a">9786048111410</subfield>
   <subfield code="c">106000</subfield>
  </datafield>
  <datafield tag="082" ind1=" " ind2=" ">
   <subfield code="2">23rd ed.</subfield>
   <subfield code="a">347.59707</subfield>
   <subfield code="b">N104</subfield>
  </datafield>
  <datafield tag="100" ind1="1" ind2=" ">
   <subfield code="a">Vũ Hoài Nam</subfield>
   <subfield code="e">Chủ biên</subfield>
  </datafield>
  <datafield tag="245" ind1="1" ind2="0">
   <subfield code="a">Kỹ năng nghiệp vụ hội thẩm dùng trong xét xử các vụ án hình sự</subfield>
   <subfield code="c">Vũ Hoài Nam (chủ biên) ; Nguyễn Thị Mai, Trần Huy Đức</subfield>
  </datafield>
  <datafield tag="260" ind1=" " ind2=" ">
   <subfield code="a">H.</subfield>
   <subfield code="b">Tư pháp</subfield>
   <subfield code="c">2017</subfield>
  </datafield>
  <datafield tag="300" ind1=" " ind2=" ">
   <subfield code="a">300 tr.</subfield>
   <subfield code="c">21cm</subfield>
  </datafield>
  <datafield tag="520" ind1="3" ind2=" ">
   <subfield code="a">Sách tập trung phân tích những vấn đề pháp lý cơ bản về hình sự, tố tụng hình sự sau khi Bộ luật hình sự năm 2015(sửa đổi, bổ sung năm 2017).</subfield>
  </datafield>
  <datafield tag="653" ind1=" " ind2=" ">
   <subfield code="a">Luật học</subfield>
  </datafield>
  <datafield tag="700" ind1="1" ind2=" ">
   <subfield code="a">Nguyễn Thị Mai</subfield>
  </datafield>
  <datafield tag="700" ind1="1" ind2=" ">
   <subfield code="a">Trần Huy Đức</subfield>
  </datafield>
  <datafield tag="700" ind1="1" ind2=" ">
   <subfield code="a">Lê Ngọc Thạnh</subfield>
  </datafield>
  <datafield tag="942" ind1=" " ind2=" ">
   <subfield code="2">ddc</subfield>
   <subfield code="c">BK</subfield>
  </datafield>
  <datafield tag="952" ind1=" " ind2=" ">
   <subfield code="0">0</subfield>
   <subfield code="1">0</subfield>
   <subfield code="2">ddc</subfield>
   <subfield code="4">0</subfield>
   <subfield code="6">347_597070000000000_N104</subfield>
   <subfield code="7">0</subfield>
   <subfield code="9">15095</subfield>
   <subfield code="a">000001</subfield>
   <subfield code="b">000001</subfield>
   <subfield code="d">2019-01-07</subfield>
   <subfield code="o">347.59707 N104</subfield>
   <subfield code="p">MD.13792</subfield>
   <subfield code="r">2019-01-07</subfield>
   <subfield code="v">106000.00</subfield>
   <subfield code="w">2019-01-07</subfield>
   <subfield code="y">BK</subfield>
  </datafield>
  <datafield tag="952" ind1=" " ind2=" ">
   <subfield code="0">0</subfield>
   <subfield code="1">0</subfield>
   <subfield code="2">ddc</subfield>
   <subfield code="4">0</subfield>
   <subfield code="6">347_597070000000000_N104</subfield>
   <subfield code="7">0</subfield>
   <subfield code="9">15096</subfield>
   <subfield code="a">000001</subfield>
   <subfield code="b">000001</subfield>
   <subfield code="d">2019-01-07</subfield>
   <subfield code="o">347.59707 N104</subfield>
   <subfield code="p">MD.13793</subfield>
   <subfield code="r">2019-01-07</subfield>
   <subfield code="v">106000.00</subfield>
   <subfield code="w">2019-01-07</subfield>
   <subfield code="y">BK</subfield>
  </datafield>
  <datafield tag="952" ind1=" " ind2=" ">
   <subfield code="0">0</subfield>
   <subfield code="1">0</subfield>
   <subfield code="2">ddc</subfield>
   <subfield code="4">0</subfield>
   <subfield code="6">347_597070000000000_N104</subfield>
   <subfield code="7">0</subfield>
   <subfield code="9">15097</subfield>
   <subfield code="a">000001</subfield>
   <subfield code="b">000001</subfield>
   <subfield code="d">2019-01-07</subfield>
   <subfield code="o">347.59707 N104</subfield>
   <subfield code="p">MD.13794</subfield>
   <subfield code="r">2019-01-07</subfield>
   <subfield code="v">106000.00</subfield>
   <subfield code="w">2019-01-07</subfield>
   <subfield code="y">BK</subfield>
  </datafield>
  <datafield tag="952" ind1=" " ind2=" ">
   <subfield code="0">0</subfield>
   <subfield code="1">0</subfield>
   <subfield code="2">ddc</subfield>
   <subfield code="4">0</subfield>
   <subfield code="6">347_597070000000000_N104</subfield>
   <subfield code="7">0</subfield>
   <subfield code="9">21652</subfield>
   <subfield code="a">000001</subfield>
   <subfield code="b">000001</subfield>
   <subfield code="d">2021-10-20</subfield>
   <subfield code="o">347.59707 N104</subfield>
   <subfield code="p">MD.18886</subfield>
   <subfield code="r">2021-10-20</subfield>
   <subfield code="v">106000.00</subfield>
   <subfield code="w">2021-10-20</subfield>
   <subfield code="y">BK</subfield>
  </datafield>
  <datafield tag="952" ind1=" " ind2=" ">
   <subfield code="0">0</subfield>
   <subfield code="1">0</subfield>
   <subfield code="2">ddc</subfield>
   <subfield code="4">0</subfield>
   <subfield code="6">347_597070000000000_N104</subfield>
   <subfield code="7">0</subfield>
   <subfield code="9">21653</subfield>
   <subfield code="a">000001</subfield>
   <subfield code="b">000001</subfield>
   <subfield code="d">2021-10-20</subfield>
   <subfield code="o">347.59707 N104</subfield>
   <subfield code="p">MD.18887</subfield>
   <subfield code="r">2021-10-20</subfield>
   <subfield code="v">106000.00</subfield>
   <subfield code="w">2021-10-20</subfield>
   <subfield code="y">BK</subfield>
  </datafield>
  <datafield tag="952" ind1=" " ind2=" ">
   <subfield code="0">0</subfield>
   <subfield code="1">0</subfield>
   <subfield code="2">ddc</subfield>
   <subfield code="4">0</subfield>
   <subfield code="6">347_597070000000000_N104</subfield>
   <subfield code="7">0</subfield>
   <subfield code="9">21654</subfield>
   <subfield code="a">000001</subfield>
   <subfield code="b">000001</subfield>
   <subfield code="d">2021-10-20</subfield>
   <subfield code="o">347.59707 N104</subfield>
   <subfield code="p">MD.18888</subfield>
   <subfield code="r">2021-10-20</subfield>
   <subfield code="v">106000.00</subfield>
   <subfield code="w">2021-10-20</subfield>
   <subfield code="y">BK</subfield>
  </datafield>
  <datafield tag="980" ind1=" " ind2=" ">
   <subfield code="a">Thư viện Trường Đại học Nam Cần Thơ</subfield>
  </datafield>
 </record>
</collection>
